Krisis (Record no. 28389)

MARC details
000 -LEADER
fixed length control field 00733nam a2200265 i 4500
001 - CONTROL NUMBER
control field C2-0112610
003 - CONTROL NUMBER IDENTIFIER
control field PPAK
005 - DATE AND TIME OF LATEST TRANSACTION
control field 20180727103950.0
008 - FIXED-LENGTH DATA ELEMENTS--GENERAL INFORMATION
fixed length control field 970629s1995 my a|||| ||||| | may d
020 ## - INTERNATIONAL STANDARD BOOK NUMBER
International Standard Book Number 9676720526
040 ## - CATALOGING SOURCE
Original cataloging agency PPAK
Language of cataloging eng
Transcribing agency PPAK
Description conventions rda
082 04 - DEWEY DECIMAL CLASSIFICATION NUMBER
Classification number 899.232
Edition number 23
090 00 - LOCALLY ASSIGNED LC-TYPE CALL NUMBER (OCLC); LOCAL CALL NUMBER (RLIN)
Classification number (OCLC) (R) ; Classification number, CALL (RLIN) (NR) 899.232
Feature heading WAN
Feature heading G
Classification number (OCLC) (R) ; Classification number, CALL (RLIN) (NR) 899.232
Feature heading WAN
Feature heading K
100 0# - MAIN ENTRY--PERSONAL NAME
Personal name Wan Ahmad Ismail,
Relator term author
245 10 - TITLE STATEMENT
Title Krisis
Remainder of title kumpulan cerpen
264 #1 - PRODUCTION, PUBLICATION, DISTRIBUTION, MANUFACTURE, AND COPYRIGHT NOTICE
Place of production, publication, distribution, manufacture Petaling Jaya, Selangor :
Name of producer, publisher, distributor, manufacturer Pustaka Delta Pelajaran ,
Date of production, publication, distribution, manufacture, or copyright notice 1995
300 ## - PHYSICAL DESCRIPTION
Extent 195 pages :
Other physical details illustrations ;
Dimensions 19 cm
336 ## - CONTENT TYPE
Source rdacontent
Content type term text
337 ## - MEDIA TYPE
Source rdamedia
Media type term unmediated
338 ## - CARRIER TYPE
Source rdacarrier
Carrier type term volume
490 1# - SERIES STATEMENT
Series statement Cenderawasih
830 #0 - SERIES ADDED ENTRY--UNIFORM TITLE
Uniform title Cenderawasih
942 ## - ADDED ENTRY ELEMENTS (KOHA)
-- dc
Koha item type Book
Holdings
Withdrawn Not for loan Current library Shelving location Date acquired Full call number Barcode Date last seen Koha item type Total Checkouts
    Perpustakaan Alor Setar Pinjaman Kanak-kanak 29/06/1997 K 899.232 WAN A00015026 08/05/2018 Book  
    Perpustakaan Awam Sungai Petani Pinjaman Kanak-kanak 29/06/1997 K 899.232 WAN A00015025 08/05/2018 Book  
    Perpustakaan Jitra Pinjaman Kanak-kanak 29/06/1997 K 899.232 WAN A00015024 08/05/2018 Book  
    Perpustakaan Jitra Pinjaman Kanak-kanak 02/12/2003 K 899.232 WAN A00829916 08/05/2018 Book  
    Perpustakaan Jitra Pinjaman Kanak-kanak 02/12/2003 K 899.232 WAN A00829913 08/05/2018 Book  
    Perpustakaan Kuala Nerang Pinjaman Kanak-kanak 29/06/1997 K 899.232 WAN A00015037 08/05/2018 Book  
    Bergerak 1, Alor Setar Pinjaman Kanak-kanak 29/06/1997 K 899.232 WAN A00015027 08/05/2018 Book  
    Bergerak 3, Baling Pinjaman Kanak-kanak 29/06/1997 K 899.232 WAN A00015029 08/05/2018 Book  
    Bergerak 4, Sungai Petani Pinjaman Kanak-kanak 29/06/1997 K 899.232 WAN A00015030 08/05/2018 Book  
    Bergerak 5, Kulim Pinjaman Kanak-kanak 29/06/1997 K 899.232 WAN A00015031 08/05/2018 Book  
    Bergerak 5, Kulim Pinjaman Dewasa 29/06/1997 899.232 WAN A00015033 08/05/2018 Book  
    PD02, Kg. Banggol Besi, Pendang Pinjaman Kanak-kanak 29/06/1997 K 899.232 WAN A00015035 08/05/2018 Book  
    PD07, Kg. Jelutong, Sik Pinjaman Kanak-kanak 29/06/1997 K 899.232 WAN A00015040 08/05/2018 Book  
    PD30, Bandar Baru Beris Jaya, Sik Pinjaman Kanak-kanak 29/06/1997 K 899.232 WAN A00015039 08/05/2018 Book  
    PD30, Bandar Baru Beris Jaya, Sik Pinjaman Kanak-kanak 27/11/2004 K 899.232 WAN A00316511 08/05/2018 Book